ARRUPE JESUIT UNIVERSITY

CORONAVIRUS -STOP THE SPREAD - CLEAN,DISINFECT,COVER

The State and the Citizen (Record no. 1959)

MARC details
000 -LEADER
fixed length control field 00612nam a2200241Ia 4500
003 - CONTROL NUMBER IDENTIFIER
control field 0100
008 - FIXED-LENGTH DATA ELEMENTS--GENERAL INFORMATION
fixed length control field 130227s9999 xx 000 0 und d
040 ## - CATALOGING SOURCE
Transcribing agency ARRUPELIB
050 ## - LIBRARY OF CONGRESS CALL NUMBER
Classification number JA66.M22 1967
100 ## - MAIN ENTRY--PERSONAL NAME
Personal name Mabbott, J. D.
245 #4 - TITLE STATEMENT
Title The State and the Citizen
245 ## - TITLE STATEMENT
Remainder of title an introduction to political philosophy
260 ## - PUBLICATION, DISTRIBUTION, ETC. (IMPRINT)
Place of publication, distribution, etc London
260 ## - PUBLICATION, DISTRIBUTION, ETC. (IMPRINT)
Name of publisher, distributor, etc Hutchinson University Library
260 ## - PUBLICATION, DISTRIBUTION, ETC. (IMPRINT)
-- 1967
300 ## - PHYSICAL DESCRIPTION
Extent 175p.
300 ## - PHYSICAL DESCRIPTION
Other physical details 22cm.
440 ## - SERIES STATEMENT/ADDED ENTRY--TITLE
Title Philosophy No. 8
650 ## - SUBJECT ADDED ENTRY--TOPICAL TERM
Topical term following geographic name as entry element Prussia - Politics
650 ## - SUBJECT ADDED ENTRY--TOPICAL TERM
Location of event Civil service - Prussia
650 ## - SUBJECT ADDED ENTRY--TOPICAL TERM
Active dates Prussia - Nobility
942 ## - ADDED ENTRY ELEMENTS (KOHA)
Source of classification or shelving scheme Library of Congress Classification
Koha issues (borrowed), all copies 7
Holdings
Withdrawn status Lost status Source of classification or shelving scheme Damaged status Not for loan Collection code Home library Current library Shelving location Date acquired Total Checkouts Full call number Barcode Date last seen Date last borrowed Copy number Price effective from Koha item type
    Library of Congress Classification     Main Collection ARRUPE LIBRARY ARRUPE LIBRARY   27/02/2013 9 JA66.M22 1967 46402541 30/04/2018 16/12/2016 1 27/02/2013 Monograph ( Printed materials)

 

Arrupe Library. PO Box MP320 Mt Pleasant, Harare, Zimbabwe
263 242 745411|librarian@aju.ac.zw